10 najbardziej dotkniętych krajów Covid-19 - 22 kwietnia - Statystyki

Ogólne statystyki
  • Ten quiz został rozwiązany 98 razy
  • Średni wynik to 9 z 16
Statystyki odpowiedzi
kraj % Poprawnych
Chiny
98%
Stany Zjednoczone
97%
Niemcy
87%
Włochy
87%
Hiszpania
85%
Francja
82%
Rosja
80%
Wielka Brytania
68%
Portugalia
40%
Iran
38%
Belgia
35%
Holandia
35%
Turcja
34%
Szwajcaria
24%
Irlandia
20%
Katar
1%
Nie znaleziono quizów pasujących do podanych kryteriów
Rozkład punktacji
Procent ludzi z każdym wynikiem
Percentyl według liczby udzielonych odpowiedzi
Twoja historia wyników
Nie rozwiązałeś tego quizu